Kultur - Rundschau

Bibliographic Details
Corporate Authors: Slovensko (Československo). Povereníctvo informácií a osvety, Tlačiarenské závody Práca (Bratislava, Slovensko)
Other Authors: Bartošek, Fraňo (Publishing director)
Format: Journal
Language:German
PhysicalDescription:2 roč. 30 x 21 cm
Published: Bratislava Zahraničný odbor Povereníctva informácií a osvety v Bratislave 1950-1951
Edition:Nemecká mutácia
Subjects:

MARC

LEADER 00000nas a22000001a 4500
001 vtls010301504
003 SK-MaSNL
005 20260228161547.0
008 110810d19501951xo en p r 0 b0ger
015 |a SNBDS17XX9999 
015 |a 0618  |2 Balúnová 1945-60 
038 |a SNKBUDS 
040 |a SNK  |b slo  |c SNK  |e AACR2 
041 0 |a ger 
044 |a xo  |c SK 
080 |a 316.7  |2 2001 
080 |a 008  |2 2001 
245 0 0 |a Kultur - Rundschau 
250 |a Nemecká mutácia 
260 |a Bratislava  |b Zahraničný odbor Povereníctva informácií a osvety v Bratislave  |c 1950-1951 
300 |a 2 roč.  |c 30 x 21 cm 
310 |a 1x za 2 týždne 
362 0 |a Roč. I , č. 1 (15.10.1950)-roč. II, č. 4 (15.2.1951) 
500 |a Vych. v Bratislave dvojtýždenne [nepravidelne] 
500 |a Zodp. red. od 2/II (15. jan. 1951) Fraňo Bartošek 
500 |a Vyd. zahr. odbor Povereníctva informácií a osvety v Bratislave 
500 |a Tlač. rozmnož. cyklostylom, od 2/II (15. jan. 1951) Tlačiarenské závody Práca, Bratislava 
500 |a Vych. od 15. okt. 1950; nem. mut. čas. Kultúrny prehľad; posl. číslo z 15. febr. 1951 
505 8 0 |g Roč. I. [III.] 1950 5 č. po 25-35 s. 
505 8 0 |g Roč. II. [IV.] 1951 4 č. po 8-26 s. 
650 0 7 |a kultúra  |2 SNKPH  |9 886 
655 7 |a kultúrne časopisy  |2 SNKBUDS  |9 268436 
700 1 |a Bartošek, Fraňo  |4 pbd  |9 11066 
710 1 |a Slovensko (Československo).  |b Povereníctvo informácií a osvety  |9 145667 
710 2 |a Tlačiarenské závody Práca (Bratislava, Slovensko)  |9 178085 
775 0 |t Kultúrny prehľad 
852 |a SNK  |b 10000  |h ČSB 870 
852 |a UKB  |b 300000  |h SB 969 
852 |a UKB  |b 300000  |h 26 B 156 
852 |a SVKKK  |b 900000  |h C 80 
999 |c 5733  |d 7663